Govt. of
Madhya Pradesh

Good Essays For Students 's Refernences (Record no. 65583)

MARC details
000 -LEADER
fixed length control field 00282nam a22001217a 4500
082 ## - DEWEY DECIMAL CLASSIFICATION NUMBER
Classification number 824/Kha
100 ## - MAIN ENTRY--AUTHOR NAME
Personal name Khare,Mohit
245 ## - TITLE STATEMENT
Title Good Essays For Students 's Refernences
260 ## - PUBLICATION, DISTRIBUTION, ETC. (IMPRINT)
Place of publication Delhi
Name of publisher Sonali Sahity Sadan
Year of publication 2019
300 ## - PHYSICAL DESCRIPTION
Number of Pages 208
650 ## - SUBJECT ADDED ENTRY--TOPICAL TERM
Topical Term Essays
942 ## - ADDED ENTRY ELEMENTS (KOHA)
Koha item type Books
Holdings
Withdrawn status Lost status Damaged status Not for loan Home library Current library Date acquired Cost, normal purchase price Full call number Accession Number Price effective from Koha item type
        MACL MACL 18/11/2022 795.00 824/Kha CRE040149 18/11/2022 Books